Statistiques concernant Pokémon: les Générations

Cliquez ici pour prendre le quiz!

Statistiques générales

  • Ce quiz a été pris 13 fois
  • Le résultat moyen est 14 sur 24

Statistiques - réponses

Question Answer % Correct
On peut échanger des Pokémon.I
92%
Gigamax et Dynamax sont apparus.VIII
92%
La reproduction des Pokémon et l'apparition des bébés Pokémon.II
85%
Les saisons changent chaque mois.V
85%
Le type Acier et le type Ténèbre apparaissent.II
77%
On peut explorer les Terres Sauvages.VIII
77%
Les formes régionales de Pokémon sont intégrées.VII
69%
Les Méga-Évolutions sont intégrées.VI
69%
Le type Fée apparaît.VI
69%
Les Pokémon chromatiques (Shiny) font leur apparition.II
69%
Intégration des Attaques Z.VII
69%
La capture d'un Pokémon permet de gagner de l'expérience.VI
62%
Les Pokémon peuvent tenir des objets.II
62%
Alternance jour/nuit.II
62%
Les Talents apparaissent.III
54%
Apparition des combats doubles.III
54%
Apparition du Cadeau Mystère.II
46%
La statistique d'Attaque spéciale et de Défense spéciale est réunie sous une seule et même statistique nommée "Spécial".I
46%
Les Talents cachés (Dream World) font leurs apparitions.V
46%
Les attaques offensives sont séparées en "physique" ou "spéciale".IV
46%
Les CT ne sont plus à usage unique.V
38%
Les Pokémon ont désormais une nature, influençant leurs statistiques de base.III
31%
La capture critique fait son apparition.V
23%
Le climat peut être changé en combat.II
15%

Distribution des résultats

Percentile by Number Answered

% des personnes avec chaque résultat

Votre développement - résultats

Vous n’avez pas pris ce quiz